000 00830cam a2200265 4500
001 J303
008 090401t1989 xxu||||| |||| 00| 0 eng d
035 _a(Sirsi) u74341
041 _aeng
050 _a692.9
090 _aJCT 1989/15A
110 _aJoint Contracts Tribunal
_93664
245 _aArticles of agreement: Domestic Sub-contract DOM/2 (1981 edition) : Amendment 3 issued September 1989: sub-contractor to comply with directions - non-complying work.
260 _aLondon
_bBEC
_c1989
300 _a4p. ; 30cm.
350 _a0
650 _aCONTRACTORS DESIGN
650 _aDOM/2
650 _aJCT STANDARD FORM OF CONTRACT WITH CONTRACTORS DESIGN
650 _aNON-COMPLYING WORK
650 _aSUBCONTRACTS
690 _aBUILT ENVIRONMENT-BUILDING CONTRACT FORMS
942 _n0
948 _c04/03/1997
999 _c95812
_d95812